|
|
|
|
| LEADER |
01030nam a2200253 a 4500 |
| 001 |
2249492 |
| 008 |
100413s1977 ctuaf b 001 0 eng d |
| 010 |
|
|
|a 77076291
|
| 020 |
|
|
|a 0300021356
|
| 040 |
|
|
|a DLC
|c DLC
|d DLC
|d BD-DhAAL
|
| 082 |
0 |
0 |
|a 309.2/63/0951
|
| 100 |
1 |
|
|a Bernstein, Thomas P.
|
| 245 |
1 |
0 |
|a Up to the mountains and down to the villages :
|b the transfer of youth from urban to rural China /
|c Thomas P. Bernstein.
|
| 260 |
|
|
|a New Haven :
|b Yale University Press,
|c 1977.
|
| 300 |
|
|
|a xiii, 371 p., [3] leaves of plates :
|b ill. ;
|c 24 cm.
|
| 504 |
|
|
|a Bibliography: p. 349-359.
|
| 500 |
|
|
|a Includes index.
|
| 541 |
1 |
|
|e 00004452
|
| 650 |
|
0 |
|a Urban youth
|z China.
|
| 650 |
|
0 |
|a Communes (China)
|
| 651 |
|
0 |
|a China
|x History
|y Cultural Revolution, 1966-1976.
|
| 852 |
4 |
|
|a Ayesha Abed Library
|j General shelf
|
| 999 |
|
|
|c 8115
|d 8115
|
| 952 |
|
|
|0 0
|1 0
|2 ddc
|4 0
|6 309_263095100000000_BER_1977
|7 0
|9 9263
|a BRACUL
|b BRACUL
|c GEN
|d 2010-04-18
|g 0.00
|l 0
|o 309.2630951 BER
|p 3010004452
|r 2010-04-18
|t 1
|w 2010-04-18
|y BK
|z Not price in Register
|